Titres de chansons de Céline Dion - Clic Quiz - Statistiques

Statistiques générales
  • Ce quiz a été pris 333 fois
  • Le résultat moyen est 18 sur 20
Statistiques - réponses
Hint Réponse % Correct
Pour que tu m'aimes Encore
99%
S'il suffisait D'aimer
98%
J'irai ou tu Iras
98%
Ne partez pas sans Moi
98%
D'amour ou D'amitié
97%
Dans un autre Monde
96%
Encore un Soir
96%
Si c'était à Refaire
95%
Tous les secrets de ton Cœur
94%
Tout l'or des Hommes
94%
Je sais Pas
93%
Les derniers seront les Premiers
92%
Sous le Vent
91%
Parler à mon Père
90%
La mémoire D'Abraham
89%
Prière Païenne
89%
Je lui Dirai
86%
Les yeux au Ciel
83%
Zora Sourit
76%
Je nous Veux
74%
Aucun quiz correspondant
Distribution des résultats
% des personnes avec chaque résultat
Percentile par nombre de réponses
Votre historique - résultats
Vous n’avez pas pris ce quiz